[Event "Bad Woerishofen op"]
[Site "Bad Woerishofen"]
[Date "2001.??.??"]
[Round "3"]
[White "Beckers, Manfred"]
[Black "Schoebel, Klaus"]
[Result "1-0"]
[WhiteElo "1855"]
[BlackElo "1580"]
[Annotator "ChessOrg"]
[PlyCount "69"]
[EventDate "1998.03.05"]
[Source "ChessBase"]
[SourceDate "1998.04.29"]

1. d4 {D66: Damengambit (Hauptvariante, Erweitertes Fianchetto)} 1... d5 2. c4
e6 3. Nc3 Nf6 4. Bg5 Be7 5. e3 h6 6. Bh4 O-O 7. Nf3 Nbd7 8. Rc1 c6 9. Bd3 dxc4
10. Bxc4 Nd5 11. Bxe7 Qxe7 12. O-O Nxc3 13. bxc3 {letzter Buchzug} 13... e5 14.
Qc2 e4 15. Nd2 Nf6 16. Be2 Bf5 17. c4 Rad8 18. Qa4 a6 19. c5 Bg4 20. Bxg4 Nxg4
21. Rb1 Rd5 22. h3 Nf6 23. Nc4 Rg5 24. f4 (24. Nd6 24... Rb8 $14) 24... Rg6 (
24... exf3 25. Rxf3 Ne4 26. Rb6 $14) 25. Ne5 Rg3 26. Qb3 Nd5 27. Rbe1 (27. Qxb7
Qh4 28. Rf2 Nxe3 29. Qxc6 Nxg2 30. Rxg2 Rxh3 31. Rxg7+ Kxg7 32. Qxe4 Rg3+ 33.
Qg2 33... Qxf4 $19) 27... Qh4 $11 28. Kh2 Re8 (28... g5 $142 29. fxg5 29...
Rxg5 $14) 29. Qxb7 $18 29... Rxe5 (29... Re7 $5 $142 30. Qa8+ Kh7 31. Nxc6
31... Rc7 $18) 30. fxe5 (30. dxe5 $6 30... Nxe3 31. Rxe3 Rxe3 32. Qxa6 32...
Kh7 $16) 30... Nxe3 31. Qxf7+ Kh7 32. Rxe3 Rxe3 33. Qf4 Qxf4+ 34. Rxf4 g5 35.
Rf1 (35. Rf1 Kg6 36. e6 $18) 1-0

[Event "Bad Woerishofen op"]
[Site "Bad Woerishofen"]
[Date "2001.??.??"]
[Round "2"]
[White "Behlert, Stefan"]
[Black "Pircher, Karl"]
[Result "1-0"]
[WhiteElo "1790"]
[BlackElo "2041"]
[Annotator "ChessOrg"]
[PlyCount "77"]
[EventDate "1998.03.05"]
[Source "ChessBase"]
[SourceDate "1998.04.29"]

1. e4 {C02: Franzoesische Verteidigung (Vorstossvariante)} 1... e6 2. d4 d5 3.
e5 c5 4. c3 Nc6 5. Nf3 Qb6 6. a3 cxd4 7. cxd4 f6 8. b4 Bd7 9. Be2 {
letzter Buchzug} 9... Rc8 10. O-O Nge7 11. Bb2 Ng6 12. Kh1 Nf4 13. exf6 gxf6 (
13... Nxe2 $143 14. f7+ Kxf7 15. Qxe2 $11) 14. g3 Nxe2 15. Qxe2 Bg7 16. Nbd2
O-O 17. Nb3 (17. Rac1 e5 18. dxe5 fxe5 19. Nxe5 Nxe5 20. Rxc8 Bxc8 21. Bxe5 Bh3
22. Bxg7 22... Bxf1 $17) 17... Nd8 (17... e5 18. Nc5 Bg4 19. Qe3 $15) 18. Rfc1
Nf7 (18... e5 19. Qe3 $11) 19. Nc5 Rc7 (19... Bb5 20. Qc2 $11 (20. Qxe6 $2
20... Rxc5 21. Qf5 Rxc1+ 22. Rxc1 22... Rd8 $19)) 20. Nxd7 $14 20... Rxd7 21.
Rc5 Re8 22. Rac1 Nd6 23. Nh4 (23. Nd2 $5 $14) 23... Nc4 $11 24. Nf5 Bf8 25. Qh5
(25. R1xc4 dxc4 26. Rxc4 26... Red8 $15) 25... Qd8 (25... Red8 26. R1xc4 dxc4
27. Nh6+ Bxh6 28. Qxh6 $15) 26. Nh6+ (26. R5xc4 dxc4 27. Ne3 27... Rd5 $17)
26... Bxh6 $17 27. Qxh6 (27. R1xc4 $5 $142 27... dxc4 28. Qxh6 $17) 27... Nxb2
$19 28. Rc8 Qe7 (28... Qxc8 29. Rxc8 Rxc8 30. Qxf6 $19) 29. Rxe8+ Qxe8 30. Qxf6
Nc4 31. Re1 Re7 (31... Qf7 32. Qg5+ Kh8 33. f4 $19) 32. f4 (32. Qg5+ Rg7 33.
Qxd5 exd5 34. Rxe8+ Kf7 35. Ra8 $17) 32... Nd2 $4 (32... Qf8 33. Qg5+ Qg7 34.
Qh4 $19) 33. Kg2 $2 (33. Qg5+ $142 33... Kh8 34. Qf6+ Rg7 35. Rxe6 $11) 33...
Ne4 $19 34. Qe5 Qc8 35. Re2 Qc7 36. Qh5 Kh8 (36... Qc4 37. Qg4+ Kh8 38. Qf3 $19
) 37. f5 exf5 38. Qxf5 38... Qc4 $4 (38... Qd8 $19 $142) 39. Qf8# 1-0

[Event "Bad Woerishofen op"]
[Site "Bad Woerishofen"]
[Date "2001.??.??"]
[Round "5"]
[White "Behlert, Stefan"]
[Black "Mentel, Juergen"]
[Result "1/2-1/2"]
[WhiteElo "1790"]
[BlackElo "2024"]
[Annotator "ChessOrg"]
[PlyCount "69"]
[EventDate "1998.03.05"]
[Source "ChessBase"]
[SourceDate "1998.04.29"]

1. e4 {B07: Pirc-Ufimzew-Verteidigung} 1... d6 2. d4 Nf6 3. Nc3 c6 4. Bd3 e5 5.
dxe5 {letzter Buchzug} 5... dxe5 6. Nge2 Be6 7. O-O Nbd7 8. Ng3 Qb6 9. a3 Rd8
10. b4 Qc7 11. Bd2 b5 12. Kh1 Nb6 13. f4 Bd6 14. f5 Bc4 15. Bg5 Be7 16. Bxf6
Bxf6 17. Nh5 Qd6 (17... Rg8 18. Nxf6+ gxf6 19. a4 $11) 18. Nxf6+ (18. Bxc4 Nxc4
19. Qxd6 19... Rxd6 $14) 18... Qxf6 $11 19. Rf3 h5 (19... Qe7 20. Rg3 $15) 20.
Qe1 (20. a4 bxa4 21. Nxa4 Nxa4 22. Rxa4 22... a6 $14) 20... h4 $11 21. h3 Qd6 (
21... Bxd3 22. Rxd3 Rxd3 23. cxd3 $14) 22. Rd1 Qe7 23. Qf2 Rh6 24. Kh2 Rhd6 25.
g4 Qg5 (25... hxg3+ 26. Rxg3 g5 27. Qe2 $15) 26. Qc5 $11 26... Qf6 27. Qg1 Qg5
28. Qc5 Qe7 29. Qg1 f6 30. Qe1 Bf7 31. Qg1 Nc4 32. Bxc4 32... Rd2+ $4 (32...
Bxc4 33. Rxd6 Qxd6 34. Qxa7 Qd2+ 35. Qf2 35... Qc1 $15) 33. Rxd2 Rxd2+ 34. Be2
Bc4 35. Rf2 1/2-1/2

[Event "Bad Woerishofen op"]
[Site "Bad Woerishofen"]
[Date "2001.??.??"]
[Round "7"]
[White "Behlert, Stefan"]
[Black "Pohlers, Juergen"]
[Result "1-0"]
[WhiteElo "1790"]
[BlackElo "2129"]
[Annotator "ChessOrg"]
[PlyCount "135"]
[EventDate "1998.03.05"]
[Source "ChessBase"]
[SourceDate "1998.04.29"]

1. e4 {B01: Skandinavische Verteidigung} 1... d5 2. exd5 Nf6 3. Nc3 Nxd5 4.
Nxd5 Qxd5 5. d4 Nc6 6. c3 {letzter Buchzug} 6... e5 7. Nf3 (7. dxe5 Qxd1+ 8.
Kxd1 8... Nxe5 $15) 7... exd4 8. Nxd4 Nxd4 9. Qxd4 Qxd4 10. cxd4 Bb4+ 11. Bd2
Bxd2+ 12. Kxd2 O-O 13. Bc4 Rd8 14. Kc3 Bd7 15. a3 Bc6 16. f3 Rd6 17. Rhe1 Rad8
(17... Kf8 18. b4 $11) 18. Re7 Rxd4 19. Rxc7 R4d7 20. Rxd7 Rxd7 21. Re1 Kf8 22.
b4 Rc7 23. Kd4 b6 24. Re2 Rd7+ 25. Ke3 Re7+ 26. Kd4 Rd7+ 27. Ke3 h5 28. g3 Re7+
29. Kf2 Rc7 30. Bb3 Rd7 31. Ke3 g5 32. h4 f6 33. Bc4 Rc7 34. Bb3 Rd7 35. Bc2
Kg7 36. f4 Kh6 (36... gxh4 $5 37. gxh4 37... a5 $11) 37. fxg5+ $14 37... fxg5
38. Rf2 Re7+ 39. Kd4 Rd7+ 40. Ke5 Rd5+ 41. Ke6 gxh4 42. Rf6+ Kg7 43. Rg6+ Kh7
44. gxh4 Rd8 45. Rg5+ Kh6 46. Rg6+ (46. b5 Be8 47. Ke7 Rd4 48. Kxe8 48... Rg4
$18) 46... Kh7 47. Rf6+ (47. Kf6 $5 $16) 47... Kg8 $14 48. Rg6+ (48. Rh6 $14)
48... Kh7 $16 49. Rg5+ (49. Kf6 49... a6 $16) 49... Kh6 50. Bf5 Bd5+ 51. Ke5
Bf7 52. Kf6 52... Bd5 $2 (52... Rg8 $142 53. Kxf7 Rxg5 54. hxg5+ 54... Kxg5 $18
) 53. Rg6+ Kh7 54. Ke7 Rg8 (54... Ra8 55. Rd6+ Kg7 56. Rxd5 $18) 55. Rd6+ (55.
Rxb6+ $1 $142 55... Kg7 56. Rg6+ Kh7 57. Rd6+ Kg7 58. Rxd5 58... Rf8 $18) 55...
Kg7 56. Rxd5 Rf8 57. Be6 Rf3 (57... Rf6 $18) 58. Rg5+ Kh8 59. Rxh5+ (59. Bf5
Rxf5 60. Rxf5 Kg7 61. Rg5+ Kh6 62. Kf7 a6 63. a4 b5 64. a5 Kh7 65. Rxh5#) 59...
Kg7 60. Rg5+ Kh6 61. Bf5 Rc3 (61... a6 62. Kf6 Rc3 63. Rg8 Rc6+ 64. Kf7 Rc7+
65. Kf8 $18) 62. Kf6 (62. Rg8 $142 62... Rc4 $18) 62... Rc6+ 63. Be6 Rc7 (63...
a6 64. a4 $18) 64. Rg8 (64. Rg6+ $142 64... Kh5 65. Rg8 Rh7 66. Rg5+ Kxh4 67.
Rg4+ 67... Kh5 $18) 64... Kh7 (64... b5 65. Bf5 Rc6+ 66. Kf7 Rc7+ 67. Kf8 $18)
65. h5 (65. b5 $142 65... Kh6 $18) 65... a5 (65... b5 66. Rd8 Kh6 67. Bd7 Rxd7
68. Rh8+ Rh7 69. Rxh7+ Kxh7 70. Ke6 $18) 66. h6 $1 66... Rc6 (66... Kxh6 67.
Rg2) 67. Rg7+ Kxh6 68. Rg1 (68. Rg1 Rxe6+ 69. Kxe6 axb4 70. axb4 Kh5 71. Kf5
Kh4 72. Rg4+ Kh3 73. b5 Kh2 74. Ke4 Kh3 75. Kf3 Kh2 76. Rh4+ Kg1 77. Rh8 Kf1
78. Rh1#) 1-0

[Event "Bad Woerishofen op"]
[Site "Bad Woerishofen"]
[Date "2001.??.??"]
[Round "8"]
[White "Behlert, Stefan"]
[Black "Bartels, Holger"]
[Result "1/2-1/2"]
[WhiteElo "1790"]
[BlackElo "2176"]
[Annotator "ChessOrg"]
[PlyCount "52"]
[EventDate "1998.03.05"]
[Source "ChessBase"]
[SourceDate "1998.04.29"]

1. e4 {B21: Sizilianisch} 1... c5 2. d4 cxd4 3. c3 dxc3 4. Nxc3 Nc6 5. Nf3 d6
6. Bc4 e6 7. O-O Nf6 8. Qe2 a6 9. Rd1 Qc7 10. Bg5 Be7 11. Rac1 O-O 12. a3 {
letzter Buchzug} 12... h6 13. Bh4 Ng4 (13... g5 14. Bg3 $17) 14. Ba2 Nge5 15.
Nxe5 (15. Bg3 15... Rd8 $11) 15... dxe5 (15... Bxh4 16. Nc4 $15) 16. Qg4 Bxh4
17. Qxh4 Bd7 18. Rd3 Qd8 19. Qg4 (19. Qh5 19... Qe7 $11) 19... Qe7 (19... Nd4
20. Rcd1 $15) 20. Ne2 Rad8 21. Rg3 g6 22. f4 (22. Rgc3 22... Kh7 $15) 22...
exf4 23. Nxf4 (23. Qxf4 $142 23... g5 24. Qc7 $17) 23... Qg5 (23... Qf6 $142
24. Nd3 Ne5 25. Nxe5 25... Qxe5 $17) 24. Qxg5 $11 24... hxg5 25. Rxg5 Bc8 26.
Rf1 Kh7 1/2-1/2

[Event "Bad Woerishofen op"]
[Site "?"]
[Date "2001.??.??"]
[Round "1"]
[White "Belic, Robert"]
[Black "Fuchs, Heinz"]
[Result "0-1"]
[WhiteElo "1932"]
[BlackElo "2328"]
[Annotator "ChessOrg"]
[PlyCount "60"]
[EventDate "2000.??.??"]

1. e4 {A08: Koenigsindisch im Anzug} 1... c5 2. Nf3 e6 3. d3 Nc6 4. g3 d5 5.
Nbd2 Bd6 6. Bg2 Nge7 7. O-O O-O 8. Re1 f6 9. h4 {letzter Buchzug} 9... Bc7 10.
Nf1 e5 11. c3 Be6 12. Qe2 Qd7 13. Kh2 Rfe8 14. Ng1 Rad8 15. Bh3 b5 16. f3 Bb6
17. Bxe6+ Qxe6 18. h5 d4 19. Rd1 Rd7 20. a4 (20. c4 bxc4 21. dxc4 d3 22. Rxd3
22... Nd4 $15) 20... dxc3 $17 21. bxc3 b4 22. c4 Nd4 23. Qb2 f5 24. Ne3 f4 25.
gxf4 exf4 26. Ng4 $2 (26. Nc2 $142 26... Nxc2 27. Qxc2 $19) 26... Nxf3+ $3 27.
Nxf3 Qxg4 28. Rg1 (28. Qg2 Qxh5+ 29. Kg1 29... Ng6 $19) 28... Qxh5+ 29. Kg2 Ng6
(29... Rxd3 $5 30. Qe2 Red8 31. Kf2 $19) 30. Kf2 Bd8 (30... Bd8 31. Qe2 31...
Qh3 $19) (30... Rxd3 $5 31. Qe2 Red8 32. Re1 $19) 0-1

[Event "Bad Woerishofen op"]
[Site "Bad Woerishofen"]
[Date "2001.??.??"]
[Round "3"]
[White "Belic, Robert"]
[Black "Wawrinsky, Ludwig"]
[Result "1-0"]
[WhiteElo "1932"]
[BlackElo "1755"]
[Annotator "ChessOrg"]
[PlyCount "129"]
[EventDate "1998.03.05"]
[Source "ChessBase"]
[SourceDate "1998.04.29"]

1. e4 {B30: Sizilianisch (Rossolimo-Variante)} 1... e6 2. d3 c5 3. Nf3 Nc6 4.
g3 b6 5. Bg2 Bb7 6. O-O 6... Be7 {letzter Buchzug} 7. Re1 d6 8. a4 Nf6 9. Nbd2
O-O 10. Nf1 Qc7 11. c3 Rad8 12. Qe2 Ne5 13. Ne3 d5 (13... Nxf3+ 14. Qxf3 d5 15.
exd5 Nxd5 16. Nc4 $11) 14. Nxe5 Qxe5 15. exd5 15... Ba6 $4 (15... exd5 16. Qd2
Qh5 17. a5 $14) 16. a5 (16. d4 $142 16... cxd4 17. cxd4 (17. Qxa6 $6 17... dxe3
18. Bxe3 18... Nxd5 $16) 17... Qxg3 18. Qxa6 $18) 16... Qc7 (16... b5 17. dxe6
Qxe6 18. Qf1 $16) 17. axb6 $18 17... Qxb6 18. Nc4 Bxc4 19. dxc4 exd5 20. cxd5 (
20. Qxe7 $6 20... Rfe8 21. Rxa7 Rxe7 22. Raxe7 22... dxc4 $11) 20... Rfe8 21.
c4 (21. Rd1 21... Qc7 $18) 21... Bd6 $16 22. Be3 Be5 23. Qc2 Ng4 24. Rab1 Nxe3
(24... Bf6 25. Be4 h6 26. b3 $16) 25. Rxe3 Bd4 26. Re4 Qf6 27. b4 Rxe4 28. Bxe4
(28. Qxe4 $6 28... Qxf2+ 29. Kh1 29... cxb4 $15) 28... g6 29. bxc5 Bxc5 30. Kg2
Qd6 31. Bf3 Bb6 32. Qe4 Qc5 33. Rb2 Qd4 (33... a5 34. Qb1 Rb8 35. Qa2 $16) 34.
Qxd4 $18 34... Bxd4 35. Rb7 (35. Rb5 35... Kg7 $18) 35... Rd6 36. Rb4 (36. Rc7
36... Ra6 $16) 36... a6 37. Ra4 37... Bc3 $4 (37... Kf8 38. Kf1 $16) 38. Ra3 (
38. c5 $142 38... Rd8 39. d6 $18) 38... Bd4 39. Be2 Kf8 40. f4 Ke7 41. Kf3 f5
42. Ra5 Kd8 (42... Rb6 43. Bd1 $16) 43. Bd1 Kc7 44. Ke2 Kb6 45. Ra2 Kc5 46. Kd3
Bf6 47. Re2 a5 48. Ba4 Kb4 49. Bc6 a4 50. Rc2 a3 51. c5 51... Rd8 $2 (51... a2
$142 52. Rxa2 Kxc5 53. Ra5+ Kb6 54. Rb5+ 54... Ka6 $18) 52. Rc4+ Kb3 53. Ba4+
Ka2 54. d6 Bb2 (54... Kb1 55. Rb4+ Bb2 56. Bc2+ Kc1 57. Bb3 $18) 55. Bc2 (55.
Kc2 $18 $142) 55... Bf6 56. Rb4 Bb2 57. Rb7 h6 58. d7 g5 59. Kc4 (59. c6 gxf4
60. gxf4 $18) 59... Bc1 (59... gxf4 60. gxf4 60... Bc1 $18) 60. fxg5 (60. c6
Bxf4 61. gxf4 gxf4 62. c7 Rxd7 63. c8=Q Rd2 64. Bb1+ Ka1 65. Qh8+ Rb2 66. Rxb2
axb2 67. Bxf5 Ka2 68. Qa8#) 60... f4 61. gxf4 (61. c6 $5 $142 61... f3 $18)
61... Bxf4 62. gxh6 Bxh6 63. c6 Bf4 64. h3 (64. h4 64... Ra8 $18) 64... Be5 65.
Kd5 (65. Kd5 Bg3 66. Ke6 $18) 1-0

[Event "Bad Woerishofen op"]
[Site "Bad Woerishofen"]
[Date "2001.??.??"]
[Round "5"]
[White "Belic, Robert"]
[Black "Maugg, Ludwig"]
[Result "1/2-1/2"]
[WhiteElo "1932"]
[BlackElo "2160"]
[Annotator "ChessOrg"]
[PlyCount "100"]
[EventDate "1998.03.05"]
[Source "ChessBase"]
[SourceDate "1998.04.29"]

1. e4 {A04: Hollaendisches System ohne Uebergang in andere Systeme} 1... c5 2.
Nf3 Nc6 3. d3 g6 4. g3 Bg7 5. Bg2 e5 6. O-O Nge7 7. a4 O-O 8. c3 d6 9. Nbd2 h6
10. Nc4 Be6 11. Be3 {letzter Buchzug} 11... f5 12. Qe2 f4 13. Bc1 g5 14. gxf4 (
14. Nfd2 $5 $15) 14... exf4 $17 (14... gxf4 $6 15. b3 $11) 15. h3 Qd7 16. Kh2
Rad8 17. Rg1 Ng6 18. Bf1 d5 19. Ncd2 d4 20. cxd4 cxd4 (20... Nxd4 21. Nxd4 Qxd4
22. Nf3 $17) 21. b3 $15 21... g4 (21... Nce5 $5 $15) 22. hxg4 $11 22... Bxg4
23. Ba3 Rfe8 24. Bh3 Bxh3 25. Rxg6 Bg4 26. Nc4 h5 (26... Kh7 27. Rd6 Qf5 28.
Rh1 $15 (28. exf5 $2 28... Rxe2 29. Nh4 Rxd6 30. Bxd6 Rxf2+ 31. Kg1 31... Rc2
$19)) 27. Rh1 (27. Rg1 Re6 28. Rg5 28... Kh8 $11) 27... Re6 28. Rxe6 Qxe6 29.
Kg2 (29. b4 29... Rc8 $11) 29... Ne5 30. Ncxe5 Bxe5 31. Qd1 Rc8 32. Bb2 $2 (32.
Rg1 $15 $142) 32... Rc2 $3 $19 33. Nxd4 $4 (33. Qxc2 33... Bxf3+ $19) 33...
Rxf2+ $1 34. Kxf2 Bxd4+ 35. Bxd4 Bxd1 36. Rxd1 Qxb3 37. Rd2 (37. Rg1+ Kf7 38.
Rg7+ 38... Ke8 $19) 37... Qxa4 (37... Qb4 $142 38. Be3 fxe3+ 39. Kxe3 39...
Qxa4 $19) 38. Be5 Qa5 39. Bxf4 b5 40. d4 b4 41. d5 Qb5 42. d6 Qd7 43. e5 (43.
Rd5 43... h4 $19) 43... Kf7 44. Rc2 (44. Rd4 a5 45. Rc4 45... Qh3 $19) 44...
Qg4 (44... Qf5 45. Rc4 b3 46. Rd4 $19) 45. Rc7+ Ke6 46. Re7+ Kd5 47. Be3 (47.
Rf7 Qh4+ 48. Kf3 48... a5 $19) 47... Qh4+ 48. Ke2 Qg4+ (48... b3 49. Rb7 Qc4+
50. Ke1 $19) 49. Kd2 $4 (49. Kf2 a5 50. Ke1 $19) 49... Qg2+ $19 50. Kd3 Qe4+ (
50... b3 $142 51. Rc7 b2 52. Rb7 Qe4+ 53. Kc3 $19) 1/2-1/2

[Event "Bad Woerishofen op"]
[Site "Bad Woerishofen"]
[Date "2001.??.??"]
[Round "7"]
[White "Belic, Robert"]
[Black "Liszka, Guenter"]
[Result "1-0"]
[WhiteElo "1932"]
[BlackElo "1750"]
[Annotator "ChessOrg"]
[PlyCount "143"]
[EventDate "1998.03.05"]
[Source "ChessBase"]
[SourceDate "1998.04.29"]

1. e4 {B50: Sizilianisch (Verschiedenes mit 2...d6)} 1... c5 2. Nf3 d6 3. g3
Nc6 4. Bg2 Nf6 5. d3 e6 6. O-O Be7 7. a4 {letzter Buchzug} 7... O-O 8. Re1 Qc7
9. c3 b6 10. Na3 a6 11. e5 dxe5 12. Nxe5 Bb7 (12... Qxe5 13. Rxe5) 13. Bf4 Nxe5
14. Bxe5 (14. Rxe5 $143 14... Bxg2 15. Rxe6 Qd8 16. Rxe7 Qxe7 17. Kxg2 17...
Rfe8 $17) 14... Qc8 15. Nc4 Bxg2 16. Kxg2 Qb7+ 17. Qf3 (17. Kg1 b5 18. Nd6
18... Qd7 $11) 17... Qxf3+ $15 18. Kxf3 Nd7 19. Bd6 Bxd6 20. Nxd6 Rfd8 21. Nb7
Rdb8 22. Nd6 Rd8 23. Nb7 Rdb8 24. Nd6 Rd8 25. Nc4 Rab8 26. h3 h5 27. Re3 g6 28.
Ke2 Kg7 29. Kd2 Rbc8 30. Kc2 Rc6 31. Ra3 Rdc8 32. Rb3 R8c7 33. h4 Rc8 34. Ra3
R8c7 35. Ra1 Rc8 36. Nd2 R8c7 37. Ne4 e5 (37... Nf6 38. a5 $11) 38. Rae1 f6 39.
Nd2 Kf8 40. f4 Kf7 41. Nc4 Re6 42. fxe5 Nxe5 43. Nxe5+ Rxe5 44. Rxe5 fxe5 45.
Rxe5 Kf6 46. Rg5 Rc6 47. Kb3 b5 48. axb5 axb5 49. Kc2 Rc7 50. Kd2 Rc6 51. Ke3
Re6+ 52. Kf3 Rc6 53. Ke4 Rc8 54. Kd5 b4 55. Kc4 bxc3 56. bxc3 Rd8 57. Kxc5 (57.
Rxc5 57... Ke6 $18) 57... Ra8 (57... Rxd3 58. c4 58... Re3 $18) 58. Kb5 Rd8 59.
Kc4 Ra8 60. Kc5 Ra5+ 61. Kc4 $4 (61. Kd6 Ra6+ 62. Kd5 62... Ra3 $18) 61... Ra1
$4 (61... Ra8 62. d4 Rc8+ 63. Kd3 63... Rc6 $18) 62. d4 $18 62... Rc1 63. d5
Kf7 64. Kd3 Ra1 65. c4 Ra3+ 66. Kd4 Ra1 67. c5 Rd1+ 68. Ke5 Re1+ (68... Ke7 69.
Rxg6 Re1+ 70. Kf5 $18) 69. Kd6 Ra1 70. c6 Ra6 (70... Ra8 71. c7 71... Kf6 $18)
71. Kd7 Ra7+ 72. c7 (72. c7 Kg7 73. Kd8 $18) 1-0

[Event "Bad Woerishofen op"]
[Site "Bad Woerishofen"]
[Date "2001.??.??"]
[Round "9"]
[White "Belic, Robert"]
[Black "Bertz, Uwe"]
[Result "1-0"]
[WhiteElo "1932"]
[BlackElo "1780"]
[Annotator "ChessOrg"]
[PlyCount "145"]
[EventDate "1998.03.05"]
[Source "ChessBase"]
[SourceDate "1998.04.29"]

1. e4 {B30: Sizilianisch (Rossolimo-Variante)} 1... e6 2. d3 c5 3. Nf3 Nc6 4.
g3 4... a6 {letzter Buchzug} 5. Bg2 b5 6. O-O g6 7. Re1 Bg7 8. Nbd2 (8. a4 8...
b4 $14) 8... Nge7 (8... Bb7 $5 $11 $142) 9. e5 $16 9... O-O (9... d5 10. exd6
Qxd6 11. Ne4 $16) 10. Ne4 Rb8 11. Nxc5 d6 12. exd6 Qxd6 13. Ne4 Qd8 14. c3 h6
15. d4 Nf5 16. Bf4 Rb6 17. Qe2 g5 18. Be3 Nxe3 19. fxe3 (19. Qxe3 19... b4 $16)
19... Qc7 20. Rad1 Bb7 21. Rf1 (21. Nc5 21... Bc8 $18) 21... Ne7 22. Nf2 Bd5
23. a3 a5 24. Nd2 Bc4 25. Nd3 Rc8 26. Nxc4 bxc4 27. Nc5 Rcb8 28. Rb1 (28. Rd2
28... Bf8 $18) 28... Nd5 29. Na4 (29. Qxc4 $143 29... Nxe3 30. Qe2 Nxf1 31.
Bxf1 31... Rd8 $17) 29... Rb5 30. Bxd5 (30. Kh1 30... e5 $18) 30... exd5 31. e4
Qe7 32. Rbe1 dxe4 33. Qxe4 Qxe4 34. Rxe4 Kf8 35. Nc5 Rxb2 (35... Kg8 $5 $142
36. Nd7 36... Rd8 $16) 36. Nd7+ $18 36... Kg8 37. Nxb8 Rxb8 38. Rf5 Rb3 39.
Re8+ Kh7 (39... Bf8 40. Rxa5 Kg7 41. a4 $18) 40. Rxf7 Kg6 41. Ra7 Rxc3 42. Rxa5
(42. Rg8 $142 42... Rxa3 43. Rgxg7+ Kf5 44. Rge7 $18) 42... Bxd4+ 43. Kf1 Rf3+
44. Ke2 (44. Ke1 Rb3 45. Ke2 Rb2+ 46. Kf3 Rf2+ 47. Ke4 Re2+ 48. Kxd4 Rxe8 49.
Kxc4 Re2 50. Ra6+ 50... Kg7 $16) 44... Rf2+ $16 45. Kd1 Rxh2 46. Ra4 (46. Ra6+
Kf5 47. g4+ 47... Kf4 $16) 46... Bb2 $16 47. Rxc4 Bxa3 48. g4 Kf7 49. Ra8 Bd6
50. Rc6 Bf8 (50... Rh1+ 51. Ke2 Rh2+ 52. Kd3 $16) 51. Rc7+ Kg8 52. Ke1 Rb2 53.
Rcc8 Rb1+ 54. Ke2 Rb2+ 55. Ke3 Rb3+ 56. Ke4 Rb4+ 57. Kf5 Rb5+ 58. Kg6 Rb6+ 59.
Kh5 Rf6 60. Rc7 Rb6 61. Rac8 Rf6 62. Ra7 Rb6 63. Ra5 Rf6 64. Rd5 64... Rf4 $2 (
64... Kg7 65. Rc7+ Rf7 66. Rc6 $18) 65. Rd7 (65. Kg6 $142 65... Rf7 66. Rf5
Rg7+ 67. Kxh6 Rh7+ 68. Kxg5 Rg7+ 69. Kf4 $18) 65... Rb4 66. Rc6 Rf4 67. Rg6+
Kh8 68. Rd8 Kh7 69. Rd7+ $4 (69. Rd5 69... Kh8 $18) 69... Kh8 70. Rc6 $4 (70.
Ra6 70... Re4 $18) 70... Kg8 71. Kg6 Rxg4 72. Rc8 Rf4 73. Rg7+ (73. Rg7+ Kh8
74. Rf7 Rxf7 75. Kxf7 $18) 1-0

[Event "Bad Woerishofen op"]
[Site "Bad Woerishofen"]
[Date "2001.??.??"]
[Round "2"]
[White "Berti, Rudolf"]
[Black "Gerhards, Walter"]
[Result "1-0"]
[WhiteElo "1621"]
[BlackElo "1900"]
[Annotator "ChessOrg"]
[PlyCount "81"]
[EventDate "1998.03.05"]
[Source "ChessBase"]
[SourceDate "1998.04.29"]

1. Nf3 {D02: Damenbauernspiele} 1... d5 2. g3 Nc6 3. d4 Bf5 4. a3 e6 5. Bg2
5... Nf6 {letzter Buchzug} 6. O-O Bd6 7. Bg5 h6 8. Bd2 Ne4 9. Nc3 O-O 10. Nb5
Be7 11. Bf4 Rc8 12. Ne5 Nxe5 13. Bxe5 (13. dxe5 13... Bc5 $11) 13... a6 14. Nc3
Nxc3 15. bxc3 c5 16. c4 cxd4 (16... dxc4 17. Bxb7 f6 18. e4 (18. Bxa6 $143
18... Rc6 (18... fxe5 $6 19. Bxc8 Qxc8 20. dxe5 $11) 19. Bb5 Rb6 20. Bxc4 20...
fxe5 $17) 18... fxe5 19. exf5 $15) 17. Qb1 $2 (17. cxd5 $142 17... Bxc2 18. Qd2
(18. Qxd4 $2 18... f6 $19) 18... exd5 19. Qxd4 $17) 17... Rxc4 $19 18. Qxb7 f6
(18... Bd6 $5 19. Bxd6 Qxd6 20. Rfd1 $19) 19. Bf4 a5 20. e4 (20. Rfc1 20... a4
$19 (20... Rxc2 $6 21. Rxc2 Bxc2 22. Rc1 $15)) 20... dxe3 21. Bxe3 Bc5 22. Bf4
(22. Bxc5 Rxc5 23. Rfc1 $19) 22... Rxc2 23. Rac1 Bxa3 24. Rxc2 Bxc2 25. Ra1 Bb4
26. Rc1 26... Rf7 $4 (26... Bg6 $19 $142) 27. Qa6 $14 27... e5 28. Rxc2 Qd7 29.
Qa8+ Kh7 30. Be3 (30. Bc1 Qb7 31. Bxd5 Qxa8 32. Bxa8 Ra7 33. Be4+ 33... g6 $16)
30... d4 $11 31. Bc6 (31. Bd2 Rf8 32. Qe4+ 32... Kh8 $11) 31... Qe7 (31... Qa7
32. Be4+ g6 33. Bxg6+ Kxg6 34. Qe4+ Kg7 35. Qg4+ Kh8 36. Bxh6 $15) 32. Bd2 $11
32... f5 33. Bd5 Rf8 34. Bxb4 axb4 35. Rc8 Rxc8 36. Qxc8 Kg6 37. h4 e4 (37...
h5 $5 $14 $142) 38. g4 $18 38... fxg4 39. Qxg4+ Kh7 40. Bxe4+ 40... g6 $4 (
40... Kg8 $18 $142) 41. Qxg6+ (41. Qxg6+ Kh8 42. Qxh6+ Kg8 43. Bd5+ Qf7 44.
Qg6+ Kh8 45. Qxf7 b3 46. Qg8#) 1-0

[Event "Bad Woerishofen op"]
[Site "Bad Woerishofen"]
[Date "2001.??.??"]
[Round "5"]
[White "Berti, Rudolf"]
[Black "Schwarz, Werner"]
[Result "0-1"]
[WhiteElo "1621"]
[BlackElo "1864"]
[Annotator "ChessOrg"]
[PlyCount "56"]
[EventDate "1998.03.05"]
[Source "ChessBase"]
[SourceDate "1998.04.29"]

1. Nf3 {A07: Barcza-System (Koenigsfianchetto mit moeglichen Uebergaengen in
andere Systeme)} 1... Nf6 2. g3 d5 3. Bg2 Bf5 4. d3 Nbd7 5. O-O e5 6. c4 dxc4
7. dxc4 c6 8. Nc3 8... Bb4 {letzter Buchzug} 9. Bd2 O-O (9... Qe7 10. Qa4 $11)
10. a3 Be7 11. b4 a6 12. b5 (12. Bg5 12... Qc7 $11) 12... axb5 $15 13. cxb5
Rxa3 14. Rxa3 Bxa3 15. bxc6 bxc6 16. Qa4 Be7 17. Qxc6 Be6 (17... Nc5 18. Nh4
18... Bc8 $15 (18... Qxd2 $143 19. Nxf5 Qxc3 20. Nxe7+ Kh8 21. Nf5 $14)) 18.
Ng5 (18. Ra1 $5 $11 $142) 18... Nb8 $17 19. Nxe6 Qxd2 (19... Nxc6 $6 20. Nxd8
Rxd8 21. Bg5 $11) 20. Qc7 $2 (20. Qc4 $5 $142 20... Re8 21. Nc7 $11) 20... fxe6
$17 21. Rd1 Qc2 22. Qxe7 Qxc3 23. Qxe6+ Kh8 24. Qe7 Nbd7 25. Bh3 Qc5 26. Rxd7
$2 (26. Qxc5 Nxc5 27. Rc1 $19) 26... Nxd7 27. Qxd7 (27. Qxc5 Nxc5 28. f3 28...
h5 $19) 27... Rxf2 (27... Qxf2+ 28. Kh1 Qe1+ 29. Kg2 Rf2#) 28. e3 (28. Qc8+
Qxc8 29. Bxc8 Rxe2 30. h4 $19) 28... Qxe3 (28... Qxe3 29. Qd3 Qxd3 30. Kxf2
30... e4 $19) 0-1